000 00385nam a2200157Ia 4500
008 230524s9999 xx 000 0 und d
082 _a621.382
_bGOP
100 _aR.Gopal
245 0 _aProblems and Solutions in Communication Systems
250 _a1ST
260 _aNEW DELHI
_bCBS
_c2004
300 _a269
500 _aQuantity Number: 2
650 _aElectronics
942 _cBK
999 _c21359
_d21359